Surfeando hacia el futuro. Chile en el horizonte 2025.

Gespeichert in:
Bibliographische Detailangaben
Körperschaft: Consejo Nacional de Innovación para la Competitividad (autor)
Format: Buch
Veröffentlicht: Santiago, Chile: Consejo Nacional de Innovación para la Competitividad, 2013.
Ausgabe:Primera edición
Schlagworte:
Tags: Tag hinzufügen
Keine Tags, Fügen Sie den ersten Tag hinzu!

MARC

LEADER 00000nam a22000007a 4500
003 CL-VaPUC
005 20250321101912.0
008 230124t2013 ||||| |||| 00| 0 eng d
999 |c 439943  |d 439941 
020 |a 978-956-7725-04-5 
040 |c Pontificia Universidad Católica de Valparaíso 
082 0 4 |2 22  |a 303.484 CON 2013 
110 1 |a Consejo Nacional de Innovación para la Competitividad  |9 880093  |e autor 
245 1 0 |a Surfeando hacia el futuro.  |b Chile en el horizonte 2025. 
250 |a Primera edición 
260 |a Santiago, Chile:  |b Consejo Nacional de Innovación para la Competitividad,  |c 2013. 
300 |a 180 páginas. 
500 |a c.1 Donación Rectoria Diciembre 2022. c.2-c.5. Instituto Arcos 8-1-2025 
583 |c 20230124  |k Catalogador Asistente 
650 |a Innovación social  |z Chile  |x Orientaciones estratégicas  |9 880271 
650 |a Innovación cultural  |z Chile  |x Orientaciones estratégicas  |9 880272 
650 |a Innovación tecnológica  |z Chile  |x Orientaciones estratégicas  |9 880273 
651 |a Chile  |x Política y gobierno  |x Innovación  |9 862530 
942 |2 ddc  |c BK  |n 0 
952 |0 0  |1 0  |2 ddc  |4 0  |6 303_484000000000000_CON_2013  |7 0  |8 A  |9 588692  |a BIBING  |b BIBING  |d 2023-01-24  |e Donación  |i 5656466  |o 303.484 CON 2013  |p 5656466  |r 2025-01-20  |t 1  |w 2023-01-24  |y BK  |k ING 
952 |0 0  |1 0  |2 ddc  |4 0  |6 303_484000000000000_CON_2013  |7 0  |8 A  |9 599147  |a BIBINC  |b BIBINC  |d 2025-01-13  |e Instituto Arcos   |i 5664145  |o 303.484 CON 2013  |p 5664145  |r 2025-01-13  |t 2  |w 2025-01-13  |y BK  |k IFP 
952 |0 0  |1 0  |2 ddc  |4 0  |6 303_484000000000000_CON_2013  |7 0  |8 A  |9 599148  |a BIBINC  |b BIBINC  |d 2025-01-13  |e Instituto Arcos   |i 5664146  |o 303.484 CON 2013  |p 5664146  |r 2025-01-13  |t 3  |w 2025-01-13  |y BK  |k IFP 
952 |0 0  |1 0  |2 ddc  |4 0  |6 303_484000000000000_CON_2013  |7 0  |8 A  |9 599149  |a BIBINC  |b BIBINC  |d 2025-01-13  |e Instituto Arcos   |i 5664147  |o 303.484 CON 2013  |p 5664147  |r 2025-01-13  |t 4  |w 2025-01-13  |y BK  |k IFP 
952 |0 0  |1 0  |2 ddc  |4 0  |6 303_484000000000000_CON_2013  |7 0  |8 A  |9 599150  |a BIBINC  |b BIBINC  |d 2025-01-13  |e Instituto Arcos   |i 5664148  |o 303.484 CON 2013  |p 5664148  |r 2025-01-13  |t 5  |w 2025-01-13  |y BK  |k IFP